Datum a čas kvízu
10
Celkem bodů
Celkový počet nahraných bodů na tomto kvízu bez doplňovacích otázek.
3.
Pořadí na kvízu
Konečné umístění týmu na tomto kvízu.
Zaznamenané odpovědi
| # | Otázka | Odpověď | Body | Výsledky |
|---|---|---|---|---|
| 1. | Poslanci jedné parlamentní str... | 1 | ||
| 2. | Jisté velké německé město svým... | 0 | ||
| 3. | Minulou středu byla ve Valašsk... | 0 | ||
| 4. | Andrej Babiš se na zasedání Sv... | 0 | ||
| 5. | Útočník Komety Martin Erat vst... | 0 | ||
| 21. | Nejdelší had na světě chovaný... | 0 | ||
| 22. | Tento živočich z řádu krokodýl... | 0 | ||
| 23. | Několik druhů chameleonů (např... | 0 | ||
| 24. | Jak se nazývá tento živočich?... | 0 | ||
| 25. | Napište jméno herce s tureckým... | 0 |